000 00284nam a22001217a 4500
082 _a823
_bWON/H
100 _aWONDER HOUSE
245 _aHANSEL & GREETEL
246 _aHANSEL & GREETEL
_bHANSEL & GREETEL
260 _aINDIA
_bWONDER HOUSE
_c2019
650 _aENGLISH STORY
942 _cBK
999 _c8691
_d8691